Statystyki dla Największe Państwa A-Z

Kliknij tutaj aby rozwiązać quiz!

Ogólne statystyki

  • Ten quiz został rozwiązany 265 razy
  • Średni wynik to 16 z 22

Statystyki odpowiedzi

LiteraPaństwo% Poprawnych
CChiny
94%
RRosja
91%
BBrazylia
89%
FFrancja
86%
SStany Zjednoczone
85%
AAustralia
84%
KKanada
84%
OOman
81%
DDania
78%
IIndie
76%
JJaponia
76%
PPolska
75%
TTurcja
70%
HHiszpania
67%
ZZambia
62%
UUkraina
61%
MMeksyk
60%
EEtiopia
56%
NNigeria
54%
LLibia
51%
WWietnam
44%
GGwinea
27%

Rozkład punktacji

Percentyl według liczby udzielonych odpowiedzi

Procent ludzi z każdym wynikiem

Twoja historia wyników

Nie rozwiązałeś tego quizu